Κατάλογος Βιβλιοθηκών Mediterranean College

Πρακτική Αριθμητική / Με το Σύστημα Πολλαπλών Επιλογών Multiple Choice (Record no. 3810)

MARC details
000 -LEADER
fixed length control field 01716cam a22001814a 4500
005 - ΗΜΕΡΟΜΗΝΙΑ ΚΑΙ ΩΡΑ ΤΕΛΕΥΤΑΙΑΣ ΕΝΗΜΕΡΩΣΗΣ
Πεδίο ελέγχου 20250605163413.0
008 - FIXED-LENGTH DATA ELEMENTS--GENERAL INFORMATION
Πεδίο ελέγχου σταθερού μήκους 250528s ||||||||||||||||||||||||d
035 ## - SYSTEM CONTROL NUMBER
System control number 18449
020 ## - ISBN
ISBN 9604001183
040 ## - ΠΗΓΗ ΚΑΤΑΛΟΓΟΓΡΑΦΗΣΗΣ
Φορέας πρωτότυπης καταλογογράφησης MC Athens Campus Library
Γλώσσα καταλογογράφησης Ελληνικά, Μοντέρνα (1453-)
Modifying agency MC Athens Campus Library
Κανόνες περιγραφικής καταλογογράφησης AACR2
245 1# - ΤΙΤΛΟΣ ΚΑΙ ΔΗΛΩΣΗ ΥΠΕΥΘΥΝΟΤΗΤΑΣ
Τίτλος Πρακτική Αριθμητική / Με το Σύστημα Πολλαπλών Επιλογών Multiple Choice
260 ## - PUBLICATION, DISTRIBUTION, ETC.
Name of publisher, distributor, etc. Ομάδα Εκπαιδευτικών Παιδαγωγών
-- Πελεκάνος,
Date of publication, distribution, etc. 2002
300 ## - PHYSICAL DESCRIPTION
Extent 512
520 ## - SUMMARY, ETC.
Summary, etc. Σύντομη θεωρία, προβλήματα νε τις απαντήσεις τους, δοθέντα θέματα σε παλαιότερους δημόσιους διαγωνισμούς. Τα θέματα διαγωνισμού ΕΤΕ 20/10/02. Πρόλογος, Οι Ακέραιοι Αριθμοί, Οι Δεκαδικοί, Τα Κλάσματα, Οι Συμμιγείς Αριθμοί, Οι Μέθοδοι, Τα Ποσοστά, Ο Τόκος - Η Υφαίρεση, Μερισμός - Εταιρεία, Μέσος Όρος - Μείγματα - Κράματα, Γεωμετρία, Προβλήματα Πολλαπλής Επιλογής, Λύσεις Προβλημάτων Πολλαπλής Επιλογής, Θέματα Λυμένα με Δύο Τρόπους, Θέματα Διαγωνισμών ΑΣΕΠ, Τεθέντα Θέματα σε Διαγωνισμούς Τραπεζών, Τεθέντα Θέματα Αγροτικής Τράπεζας 2002, Τεθέντα Θέματα Εθνικής Τράπεζας σε Παλαιότερους Διαγωνισμούς, Τεθέντα Θέματα Εθνικής Τράπεζας 2002.
942 ## - ADDED ENTRY ELEMENTS (KOHA)
Koha item type Books
Holdings
Τύπος τεκμηρίου Βιβλιοθήκη Τρέχουσα τοποθεσία Barcode Αριθμός εισαγωγής Ημερομηνία απόκτησης Ταξιθετικό σύμβολο Αριθμός αντιτύπου Κατάσταση απόσυρσης Κατάσταση χαμένου Κατάσταση κατεστραμμένου Μη δανεισμός Σύνολο δανεισμών Ημερομηνία τελευταίας εμφάνισης Η τιμή ισχύει από
Books MC Athens Campus Library MC Athens Campus Library 9780000038098 3140 05/06/2025 510 PEL 1           05/06/2025 05/06/2025

MC Athens Campus Library
Πατησίων 94 & Κοδριγκτώνος 13, 104 34
Πελλήνης 8 & Πατησίων 107, 112 51
Τ: +30 210 8899600

MC Thessaloniki Campus Library
Ίωνος Δραγούμη 21, 54625 | Ίωνος Δραγούμη 15, 54625
Τ: +30 2310 287779 – Τ: +30 2314 440300